2021 Formula 1 Teams - Statistics

General Stats
  • This quiz has been taken 91 times
  • The average score is 9 of 10
Answer Stats
Position in 2020 Answer % Correct
3 McLaren
100%
2 Red Bull Racing
100%
6 Ferrari
99%
1 Mercedes
99%
5 Alpine
93%
4 Aston Martin
93%
10 Williams
92%
9 Haas
90%
7 AlphaTauri
83%
8 Alfa Romeo Racing
76%
No matching quizzes found
Score Distribution
Percent of People with Each Score
Percentile by Number Answered
Your Score History
You have not taken this quiz